000 00857nam a2200217Ia 4500
001 4239
003 GE_BSU
008 181216s||||||||xx |||||||||||||| ||und||
040 _cGE_BSU
080 _a661.248
100 _aЛейбуш,А.Г. Семенов,В.П. Казарновский,Я.С. Кархов,Н.В.
245 _aПроизводство технологического газа для аммиака и метанола из углеводородных газов.
245 _cРед. Р.Е. Миневич.
260 _aМ.
260 _bХимия.
260 _c1971.
300 _a288 стр. 18 см.
300 _e109 рис. 75 табл.
653 _aПроизводство технологического газа для аммиака и метанола из углеводородных газов.
942 _cBK
999 _c38249
_d38249